| 000 | 00431nam a22001697a 4500 | ||
|---|---|---|---|
| 999 |
_c4794 _d4794 |
||
| 003 | OSt | ||
| 005 | 20181213161237.0 | ||
| 008 | 181213b ||||| |||| 00| 0 eng d | ||
| 020 | _a034525451175 | ||
| 040 |
_bDLC _cDLC |
||
| 082 |
_a248.3 _bM367A |
||
| 100 | _aGlattauer, Ned. | ||
| 245 |
_aCatherine Marshall/ _bAdventures in Prayer/ |
||
| 260 |
_aNew York; _bBallantine Books; _cc.1975 |
||
| 300 |
_a119p.; _c19cm |
||
| 942 |
_2ddc _cBK |
||